La dicha de la palabra dicha / (Registro nro. 6578)

Detalles MARC
000 -LEADER
fixed length control field 01283cam a2200313 i 4500
003 - CONTROL NUMBER IDENTIFIER
control field CO-BoPUJ
005 - DATE AND TIME OF LATEST TRANSACTION
control field 20250808151503.0
007 - PHYSICAL DESCRIPTION FIXED FIELD--GENERAL INFORMATION
fixed length control field ta
008 - FIXED-LENGTH DATA ELEMENTS--GENERAL INFORMATION
fixed length control field 190311s2018 ck ao gr 000 0 spa d
015 ## - NATIONAL BIBLIOGRAPHY NUMBER
National bibliography number SSN
020 ## - INTERNATIONAL STANDARD BOOK NUMBER
International Standard Book Number 9789585487062
040 ## - CATALOGING SOURCE
Original cataloging agency CO-BoPUJ
Transcribing agency CO-JMCR
043 ## - GEOGRAPHIC AREA CODE
Geographic area code s-ck---
082 04 - DEWEY DECIMAL CLASSIFICATION NUMBER
Classification number J-C
Item number BUEd
100 1# - MAIN ENTRY--PERSONAL NAME
Personal name Buenaventura Vidal, Nicolás,
Relator term autor
9 (RLIN) 846
245 13 - TITLE STATEMENT
Title La dicha de la palabra dicha /
Statement of responsibility, etc. Nicolás Buenaventura ; edición, Antonio García Ángel ; ilustrado por Geison Castañeda
250 ## - EDITION STATEMENT
Edition statement Primera edición.
264 #1 - PRODUCTION, PUBLICATION, DISTRIBUTION, MANUFACTURE, AND COPYRIGHT NOTICE
Place of production, publication, distribution, manufacture Bogotá :
Name of producer, publisher, distributor, manufacturer Alcaldía Mayor de Bogotá ;
-- Instituto Distrital De Las Artes - IDARTES,
Date of production, publication, distribution, manufacture, or copyright notice 2018.
300 ## - PHYSICAL DESCRIPTION
Extent 107, 5 páginas :
Other physical details ilustraciones, fotos a blanco y negro ;
Dimensions 17 cm.
490 1# - SERIES STATEMENT
Series statement Libro al viento ;
-- Colección inicial ;
Volume/sequential designation 134.
520 ## - SUMMARY, ETC.
Summary, etc. Las palabras, aburridas de nombrar, decidieron ser nombradas: dijeron mujer, dijeron hombre, y las palabras mujer y hombre caminaron, se encontraron, se nombraron y se amaron.
650 14 - SUBJECT ADDED ENTRY--TOPICAL TERM
Topical term or geographic name entry element Cuentos colombianos
9 (RLIN) 847
650 24 - SUBJECT ADDED ENTRY--TOPICAL TERM
Topical term or geographic name entry element Literatura colombiana
9 (RLIN) 848
650 24 - SUBJECT ADDED ENTRY--TOPICAL TERM
Topical term or geographic name entry element Literatura infantil
9 (RLIN) 648
700 1# - ADDED ENTRY--PERSONAL NAME
Personal name García Ángel, Antonio,
Relator term editor
9 (RLIN) 809
700 1# - ADDED ENTRY--PERSONAL NAME
Personal name Castañeda, Geison
Relator term ilustrador
9 (RLIN) 849
830 #0 - SERIES ADDED ENTRY--UNIFORM TITLE
Uniform title Libro al viento
9 (RLIN) 842
942 ## - ADDED ENTRY ELEMENTS (KOHA)
Source of classification or shelving scheme Dewey Decimal Classification
Koha item type Books
Existencias
Withdrawn status Lost status Source of classification or shelving scheme Damaged status Not for loan Home library Current library Shelving location Date acquired Source of acquisition Cost, normal purchase price Total Checkouts Full call number Barcode Date last seen Date last checked out Copy number Price effective from Koha item type
    Dewey Decimal Classification     Biblioteca Pública José María del Castillo y Rada Biblioteca Pública José María del Castillo y Rada Processing Center 02/20/2020 Donación 0.00 4 J-C BUEd 201809365 07/16/2024 07/16/2024 Ej.1 02/24/2020 Books
    Dewey Decimal Classification     Biblioteca Pública José María del Castillo y Rada Biblioteca Pública José María del Castillo y Rada Processing Center 02/20/2020 Donación 0.00 4 C / BUEd 201809890 10/20/2025 10/20/2025 Ej.2 02/24/2020 Books